00643nam a22002057a 450000500170000001000130001702000220003003500130005203700160006504000120008108200170009310000260011024501040013626000390024027000480027930000200032750000510034765000140039865000250041220170124105920.0 aA-809149 c00.00a8171761704 aA-809149 bCen Lib/Ret aDPLbEN a306.874bSAN aSanders, Randolph K.  aA Parent's bedside companion :cby Randolph K. Sandersbinspiration for parents of young children / aBombaybPauline Publicationsc1970 bBombaya143 Waterfield Road, Bandrae400050 a154p.c21cm(Hb) aIncludes bibliographical references and index aParenting aChild care-parenting